zpět

Detail výsledku týmu

Tankovna Na Růžku, Milevsko

Datum a čas kvízu

28 Celkem bodů Celkový počet nahraných bodů na tomto kvízu bez doplňovacích otázek.
8. Pořadí na kvízu Konečné umístění týmu na tomto kvízu.

Zaznamenané odpovědi

# Otázka Odpověď Body Výsledky
1. O konfliktu prezidenta Pavla s... D 1
2. Která velká evropská země schv... Francie 0
3. Která moderátorka oznámila, že... Lucie Výborná 1
4. Která značka představila minul... Jawa 0
5. Brankář Anatolij Trubin v posl... Benfica Lisabon 1
6. Na obrázku níže můžete vidět d... Drákula 1
7. Co by to bylo za hororové téma... C 0
8. Ze které (převážně videoherní)... Resident Evil 1
9. Přiřaďte herce a herečky k jej... 1B 2C 3D 4A 1
10. Čím je inspirován česko-americ... D 1